| 000 | 00695nam a2200241Ia 4500 | ||
|---|---|---|---|
| 003 | 0100 | ||
| 008 | 130307s9999 xx 000 0 und d | ||
| 020 | _a0888447205 | ||
| 040 | _cARRUPELIB | ||
| 050 | _aB765.T54E77 1997 | ||
| 100 | _aEschmann, Ignatius Theodore | ||
| 245 | 4 | _aThe ethics of Saint Thomas Aquinas | |
| 245 | _btwo courses | ||
| 260 | _aToronto | ||
| 260 | _bPontificial Institute of Mediaeval Studies | ||
| 260 | _c1990 | ||
| 300 | _a242p. | ||
| 300 | _b23cm | ||
| 440 | _aThe Etienne Gilson series; 20 | ||
| 650 | _bLiterature, Medieval-History and criticism - Civilization, Medieval - Europe-History-392-814 | ||
| 700 | _aSynan, Edward A. (ed.) | ||
| 942 | 0 | 0 | _05 |
| 999 |
_c101450 _d101450 |
||